[Event "14. Open de la Constitución 2013"]
[Site "San Sebastian de los Reyes ES"]
[Date "2013.12.04"]
[Round "5.20"]
[White "Martinez Miura, Enrique"]
[Black "Alvarez Gonzalez, Eduardo"]
[Result "0-1"]
[WhiteElo "1693"]
[BlackElo "1805"]
[PlyCount "116"]
[EventDate "2013.11.30"]
[EventType "swiss"]
[EventRounds "9"]
[EventCountry "ESP"]
[Source "lmi"]
[SourceDate "2013.11.30"]

1. e4 c6 2. d4 d5 3. Nc3 dxe4 4. Nxe4 Bf5 5. Ng3 Bg6 6. h4 h6 7. h5 Bh7 8. Nf3
Nd7 9. Bd3 Bxd3 10. Qxd3 e6 11. Bd2 Ngf6 12. O-O-O Qc7 13. Qe2 Bd6 14. Nf5 Bf8
15. g3 O-O-O 16. Bf4 Qa5 17. Nd6+ Bxd6 18. Bxd6 Qxa2 19. c3 Qd5 20. Be5 Nxe5
21. dxe5 Qe4 22. Qxe4 Nxe4 23. Rhf1 Rxd1+ 24. Kxd1 Rd8+ 25. Kc2 c5 26. b4 cxb4
27. cxb4 Kc7 28. Kb2 Kb6 29. Re1 Nxf2 30. Re2 Nh3 31. Rh2 Rd3 32. Rxh3 Rxf3 33.
Rh4 Rxg3 34. Rf4 Rg5 35. Rxf7 Rxh5 36. Rxg7 Rxe5 37. Rg6 h5 38. Rh6 a6 39. Kc3
Kc6 40. Kd4 Kd6 41. Rh8 Rb5 42. Kc4 Ke7 43. Rh7+ Kf6 44. Rh6+ Kf7 45. Rh7+ Kg6
46. Re7 e5 47. Re8 Kg5 48. Rg8+ Kf4 49. Rf8+ Ke3 50. Rf6 e4 51. Rf8 Ke2 52. Rf6
e3 53. Kc3 Ke1 54. Rf7 b6 55. Rf6 a5 56. bxa5 bxa5 57. Kd3 e2 58. Re6 Kd1 0-1

[Event "14. Open de la Constitución 2013"]
[Site "San Sebastian de los Reyes ES"]
[Date "2013.12.04"]
[Round "5.21"]
[White "Brasa Olmos, Joaquin"]
[Black "Soto Martin, Pablo"]
[Result "0-1"]
[WhiteElo "1551"]
[BlackElo "1779"]
[PlyCount "76"]
[EventDate "2013.11.30"]
[EventType "swiss"]
[EventRounds "9"]
[EventCountry "ESP"]
[Source "lmi"]
[SourceDate "2013.11.30"]

1. d4 Nf6 2. c4 g6 3. Nc3 Bg7 4. e4 d6 5. f3 O-O 6. Bg5 Nbd7 7. Nge2 h6 8. Be3
e5 9. d5 Qe7 10. Qd2 Kh7 11. g4 c6 12. h4 cxd5 13. cxd5 Ne8 14. Ng3 a6 15. h5
g5 16. Nf5 Qd8 17. Bd3 b5 18. Rc1 Qa5 19. Ne7 Bb7 20. a3 Nc5 21. Bxc5 dxc5 22.
O-O Nd6 23. Qh2 Bf6 24. Ng6 fxg6 25. hxg6+ Kxg6 26. Qh5+ Kg7 27. f4 c4 28. fxg5
Bxg5 29. b4 Qb6+ 30. Kg2 cxd3 31. Rcd1 Qe3 32. Rde1 Qd2+ 33. Ne2 dxe2 34. Rg1
Nxe4 35. Rc1 Rf2+ 36. Kh1 Ng3+ 37. Rxg3 Bxd5+ 38. Rg2 Qxc1+ 0-1

[Event "14. Open de la Constitución 2013"]
[Site "San Sebastian de los Reyes ES"]
[Date "2013.12.04"]
[Round "5.24"]
[White "Guillo Sanchez-Galiano, Ernesto"]
[Black "Guillo Longares, Cecilia"]
[Result "0-1"]
[WhiteElo "1209"]
[BlackElo "1398"]
[PlyCount "62"]
[EventDate "2013.11.30"]
[EventType "swiss"]
[EventRounds "9"]
[EventCountry "ESP"]
[Source "lmi"]
[SourceDate "2013.11.30"]

1. d4 Nf6 2. Nf3 g6 3. Bf4 Bg7 4. e3 O-O 5. Nbd2 d6 6. c4 c5 7. h3 e6 8. Bd3
Nc6 9. Nb3 cxd4 10. exd4 Re8 11. Qd2 e5 12. Bh6 e4 13. Bxg7 Kxg7 14. d5 exf3+
15. Kf1 Ne5 16. gxf3 Nxf3 17. Qf4 Ne5 18. Ke2 Nxc4+ 19. Kf1 Nb6 20. Rg1 Bxh3+
21. Rg2 Bxg2+ 22. Kxg2 Nbxd5 23. Qd2 Qe7 24. Rh1 Nh5 25. Kf1 Qf6 26. Bb5 Re5
27. Na5 Ng3+ 28. Kg2 Nxh1 29. Kxh1 Rh5+ 30. Kg2 Nf4+ 31. Kf1 Rh1# 0-1

[Event "14. Open de la Constitución 2013"]
[Site "San Sebastian de los Reyes ES"]
[Date "2013.12.05"]
[Round "6.2"]
[White "Rubio Mejia, Luis Ignacio"]
[Black "Quevedo Marin, Manuel"]
[Result "1-0"]
[WhiteElo "2452"]
[BlackElo "2167"]
[PlyCount "73"]
[EventDate "2013.11.30"]
[EventType "swiss"]
[EventRounds "9"]
[EventCountry "ESP"]
[Source "lmi"]
[SourceDate "2013.11.30"]

1. d4 Nf6 2. c4 g6 3. Nc3 d5 4. cxd5 Nxd5 5. Bd2 Bg7 6. e4 Nxc3 7. Bxc3 O-O 8.
Nf3 Bg4 9. Be2 c5 10. d5 Bxc3+ 11. bxc3 Bxf3 12. Bxf3 e5 13. Rb1 b6 14. h4 h6
15. Qd2 Kg7 16. h5 g5 17. d6 Nd7 18. Bg4 Nf6 19. Bf5 Qe8 20. d7 Qe7 21. c4 Rfd8
22. Rd1 Rab8 23. Rh3 Kf8 24. Rd3 Rb7 25. Rd6 Kg7 26. Qe2 Rc7 27. a4 Rb7 28. g3
Rbxd7 29. Bxd7 Rxd7 30. Rxd7 Nxd7 31. Qd3 Nf6 32. Qd8 Qb7 33. f3 Qa6 34. Rd6
Ng8 35. Qe8 Qa5+ 36. Kf2 b5 37. Rd8 1-0

[Event "14. Open de la Constitución 2013"]
[Site "San Sebastian de los Reyes ES"]
[Date "2013.12.05"]
[Round "6.4"]
[White "Roa Alonso, Santiago"]
[Black "Esquivias Gomez, Francisco J"]
[Result "1/2-1/2"]
[WhiteElo "2401"]
[BlackElo "1978"]
[PlyCount "47"]
[EventDate "2013.11.30"]
[EventType "swiss"]
[EventRounds "9"]
[EventCountry "ESP"]
[Source "lmi"]
[SourceDate "2013.11.30"]

1. e4 Nf6 2. e5 Nd5 3. d4 d6 4. Nf3 Bg4 5. Be2 e6 6. c4 Nb6 7. exd6 cxd6 8. Be3
Be7 9. Nc3 O-O 10. O-O a5 11. b3 d5 12. c5 Bxf3 13. Bxf3 N6d7 14. a3 Nc6 15.
Rb1 b6 16. b4 axb4 17. axb4 bxc5 18. bxc5 Bf6 19. Nxd5 exd5 20. Bxd5 Rc8 21.
Be4 Nxd4 22. Bxd4 Bxd4 23. Qxd4 Nxc5 24. Qxd8 1/2-1/2

[Event "14. Open de la Constitución 2013"]
[Site "San Sebastian de los Reyes ES"]
[Date "2013.12.05"]
[Round "6.5"]
[White "Lopez De Turiso, Jose Angel"]
[Black "Fernandez Aransay, Fernando"]
[Result "1-0"]
[WhiteElo "2123"]
[BlackElo "1860"]
[PlyCount "87"]
[EventDate "2013.11.30"]
[EventType "swiss"]
[EventRounds "9"]
[EventCountry "ESP"]
[Source "lmi"]
[SourceDate "2013.11.30"]

1. d4 d5 2. c4 Nf6 3. cxd5 Nxd5 4. e4 Nf6 5. Nc3 e5 6. Nf3 exd4 7. Qxd4 Qxd4 8.
Nxd4 a6 9. Bf4 c5 10. Nb3 Be6 11. Nd2 Nc6 12. Bc4 Nd4 13. Bxe6 Nxe6 14. Be5 Nd7
15. Bg3 Nb6 16. O-O Be7 17. Rfe1 Nd4 18. Rac1 Bg5 19. f4 Bd8 20. Nd5 Nd7 21.
Kf1 Ba5 22. Red1 b5 23. Bf2 O-O 24. Bxd4 cxd4 25. Nb3 Bd8 26. Nxd4 Nb6 27. Nxb6
Bxb6 28. Ke2 Rfe8 29. Kf3 g6 30. g4 Kg7 31. Ne2 Re6 32. Rd7 Rae8 33. e5 g5 34.
fxg5 Rxe5 35. Ng3 Kg6 36. h4 R8e7 37. Rc6+ R7e6 38. Rxe6+ Rxe6 39. Nf5 Bc5 40.
Kf4 h6 41. h5+ Kh7 42. g6+ Kg8 43. Rd8+ Bf8 44. g7 1-0

[Event "14. Open de la Constitución 2013"]
[Site "San Sebastian de los Reyes ES"]
[Date "2013.12.05"]
[Round "6.6"]
[White "Perez Del Amo, Jorge"]
[Black "Aziz Ortego, Omar Luis"]
[Result "0-1"]
[WhiteElo "1847"]
[BlackElo "2037"]
[PlyCount "56"]
[EventDate "2013.11.30"]
[EventType "swiss"]
[EventRounds "9"]
[EventCountry "ESP"]
[Source "lmi"]
[SourceDate "2013.11.30"]

1. Nf3 c5 2. c4 Nc6 3. g3 g6 4. d4 cxd4 5. Nxd4 Bg7 6. Nxc6 bxc6 7. Qc2 Rb8 8.
Nc3 f5 9. Bg2 e5 10. e4 Ne7 11. Be3 Qa5 12. O-O O-O 13. f4 fxe4 14. Bxe4 d5 15.
Bd3 d4 16. Bd2 dxc3 17. Bxc3 Qb6+ 18. Kg2 Nf5 19. Bxf5 Bxf5 20. Qe2 exf4 21.
Bxg7 Kxg7 22. Qe7+ Kg8 23. Qe2 Rbe8 24. Qd2 Be4+ 25. Kh3 Qc5 26. Rxf4 Qh5+ 27.
Rh4 Qf5+ 28. Rg4 h5 0-1

[Event "14. Open de la Constitución 2013"]
[Site "San Sebastian de los Reyes ES"]
[Date "2013.12.05"]
[Round "6.7"]
[White "Castejon Caballero, Natalia"]
[Black "Camarero Izquierdo, Juan Carlos"]
[Result "0-1"]
[WhiteElo "2011"]
[BlackElo "1845"]
[PlyCount "84"]
[EventDate "2013.11.30"]
[EventType "swiss"]
[EventRounds "9"]
[EventCountry "ESP"]
[Source "lmi"]
[SourceDate "2013.11.30"]

1. e4 c6 2. d4 d5 3. e5 Bf5 4. Nc3 e6 5. g4 Bg6 6. Nge2 Bb4 7. Nf4 Be4 8. Rg1
Qh4 9. Rg3 Nd7 10. Rh3 Bxc3+ 11. bxc3 Qe7 12. f3 Bg6 13. Nxg6 fxg6 14. Bd3 Nh6
15. a4 O-O 16. Qe2 Rf7 17. a5 c5 18. Ba3 b6 19. Bb5 Rc8 20. a6 Qd8 21. O-O-O
Nb8 22. Kb1 cxd4 23. cxd4 Nc6 24. Bxc6 Rxc6 25. Qb5 Rfc7 26. Rd2 Qg5 27. Bc1
Qd8 28. Rg3 Qc8 29. Rgg2 Rc3 30. f4 Nf7 31. Bb2 R3c4 32. h4 Qf8 33. c3 Nd8 34.
Rdf2 Nc6 35. Ka2 Na5 36. f5 gxf5 37. gxf5 exf5 38. Qxd5+ Kh8 39. Rxf5 Ra4+ 40.
Ba3 Qxa3+ 41. Kb1 Qa1+ 42. Kc2 Rxc3+ 0-1

[Event "14. Open de la Constitución 2013"]
[Site "San Sebastian de los Reyes ES"]
[Date "2013.12.05"]
[Round "6.8"]
[White "Alfaya Marcelo, Roberto"]
[Black "Castejon Caballero, Andres"]
[Result "0-1"]
[WhiteElo "1893"]
[BlackElo "2121"]
[PlyCount "68"]
[EventDate "2013.11.30"]
[EventType "swiss"]
[EventRounds "9"]
[EventCountry "ESP"]
[Source "lmi"]
[SourceDate "2013.11.30"]

1. d4 f5 2. g3 Nf6 3. Bg2 e6 4. Nf3 d5 5. O-O Bd6 6. c4 c6 7. c5 Bc7 8. Nc3
Nbd7 9. Bf4 O-O 10. b4 Ne4 11. Qb3 h6 12. Bxc7 Qxc7 13. Rad1 e5 14. dxe5 Nxe5
15. Nd4 Nf6 16. e3 Kh8 17. Nce2 Qe7 18. Qc2 Ne4 19. b5 Bd7 20. bxc6 bxc6 21.
Nb3 Bc8 22. Ned4 Ba6 23. Rfe1 Rac8 24. f3 Nd3 25. Rxd3 Bxd3 26. Qxd3 Nxc5 27.
Nxc5 Qxc5 28. Nxf5 Rb8 29. Re2 Qc1+ 30. Kf2 Rb2 31. Ne7 Rxe2+ 32. Qxe2 Rb8 33.
Qe1 Rb2+ 34. Kf1 Qc2 0-1

[Event "14. Open de la Constitución 2013"]
[Site "San Sebastian de los Reyes ES"]
[Date "2013.12.05"]
[Round "6.9"]
[White "Minguela Muñoz, Bienvenido"]
[Black "Cabañas Bravo, Juan Andres"]
[Result "1/2-1/2"]
[WhiteElo "1817"]
[BlackElo "2089"]
[PlyCount "132"]
[EventDate "2013.11.30"]
[EventType "swiss"]
[EventRounds "9"]
[EventCountry "ESP"]
[Source "lmi"]
[SourceDate "2013.11.30"]

1. Nf3 Nf6 2. d4 g6 3. c4 Bg7 4. Nc3 d5 5. cxd5 Nxd5 6. e4 Nxc3 7. bxc3 c5 8.
Rb1 O-O 9. Be3 cxd4 10. cxd4 Nc6 11. Be2 Qa5+ 12. Qd2 Qxd2+ 13. Kxd2 Rd8 14.
Kc3 b6 15. Bb5 Bb7 16. Bxc6 Rac8 17. Kd3 Rxc6 18. Rhc1 Rdc8 19. Rxc6 Rxc6 20.
Rc1 Rxc1 21. Bxc1 Ba6+ 22. Kc3 Bf1 23. Ne1 e5 24. d5 Bf8 25. Be3 a5 26. Bd2 Bc5
27. f3 Bg1 28. Bg5 Kf8 29. Bd8 Ke8 30. Bc7 f6 31. f4 Kd7 32. Bb8 Bxh2 33. fxe5
Bxe5+ 34. Bxe5 fxe5 35. g3 Kd6 36. Nf3 h5 37. Ng5 Ke7 38. Kd2 Bb5 39. Nf3 Kf6
40. Ke3 Bd7 41. Nd2 Bb5 42. a3 g5 43. Nf3 Bc4 44. Nd2 Ba2 45. a4 g4 46. Kd3 Ke7
47. Ke3 Kd6 48. Kd3 Kc5 49. Kc3 h4 50. gxh4 g3 51. Kd3 Bc4+ 52. Ke3 b5 53. h5
bxa4 54. Nxc4 Kxc4 55. d6 a3 56. d7 g2 57. Kf2 g1=Q+ 58. Kxg1 a2 59. d8=Q a1=Q+
60. Kf2 Qb2+ 61. Kf3 Qh2 62. Qd5+ Kb4 63. Qd6+ Kb3 64. Qb6+ Kc4 65. Qc6+ Kb3
66. Qb6+ Kc4 1/2-1/2

[Event "14. Open de la Constitución 2013"]
[Site "San Sebastian de los Reyes ES"]
[Date "2013.12.05"]
[Round "6.10"]
[White "Gonzalez Mateos, Rafael"]
[Black "Perez Gonzalez, Jesus Miguel"]
[Result "1-0"]
[WhiteElo "2010"]
[BlackElo "1810"]
[PlyCount "84"]
[EventDate "2013.11.30"]
[EventType "swiss"]
[EventRounds "9"]
[EventCountry "ESP"]
[Source "lmi"]
[SourceDate "2013.11.30"]

1. d4 Nf6 2. c3 g6 3. Bg5 Bg7 4. Nd2 d5 5. Ngf3 O-O 6. h3 Nbd7 7. e3 Re8 8. Bf4
Nh5 9. Bh2 f5 10. Be2 Nhf6 11. Qb3 c6 12. O-O-O b5 13. g4 Nb6 14. Ne5 Nc4 15.
Nxc6 Qb6 16. Ne5 e6 17. gxf5 exf5 18. Bf3 Ne4 19. Bxe4 fxe4 20. h4 Be6 21. h5
Na5 22. Qc2 Bf5 23. hxg6 hxg6 24. Nb1 b4 25. cxb4 Rac8 26. Nc3 Qxb4 27. Rdg1
Bxe5 28. Bxe5 Rxe5 29. dxe5 d4 30. exd4 Qxd4 31. Rh6 Rc6 32. Qd2 Qxd2+ 33. Kxd2
Nc4+ 34. Kc1 Nxe5 35. Rgh1 a6 36. Rh8+ Kg7 37. R1h7+ Kf6 38. Kd2 Rd6+ 39. Kc1
Nd3+ 40. Kc2 Nxf2 41. Rf8+ Kg5 42. Re7 e3+ 1-0

[Event "14. Open de la Constitución 2013"]
[Site "San Sebastian de los Reyes ES"]
[Date "2013.12.05"]
[Round "6.11"]
[White "Cerrato Torrijos, Javier"]
[Black "Baeza Escudero, Javier"]
[Result "0-1"]
[WhiteElo "1794"]
[BlackElo "1969"]
[PlyCount "58"]
[EventDate "2013.11.30"]
[EventType "swiss"]
[EventRounds "9"]
[EventCountry "ESP"]
[Source "lmi"]
[SourceDate "2013.11.30"]

1. e4 c5 2. Nf3 d6 3. d4 cxd4 4. Nxd4 Nf6 5. Nc3 a6 6. Be3 e5 7. Nb3 Be6 8. Be2
Be7 9. O-O O-O 10. a4 Nc6 11. Qd2 Rc8 12. Rad1 Nb4 13. Bg5 Qc7 14. f4 Nxc2 15.
Nc1 Qb6+ 16. Kh1 Ne3 17. fxe5 Nxf1 18. Rxf1 dxe5 19. Bxf6 Bxf6 20. Nd5 Bxd5 21.
exd5 e4 22. b3 Qd8 23. Na2 Qd6 24. Bc4 Rfe8 25. Qe2 Be5 26. Qxe4 Bxh2 27. Qf5
Rc7 28. Qh3 Bg3 29. Nc1 Re5 0-1

[Event "14. Open de la Constitución 2013"]
[Site "San Sebastian de los Reyes ES"]
[Date "2013.12.05"]
[Round "6.12"]
[White "Bustos Serrano, Doroteo"]
[Black "Lianes Garcia, Marcos"]
[Result "1/2-1/2"]
[WhiteElo "2055"]
[BlackElo "1790"]
[PlyCount "100"]
[EventDate "2013.11.30"]
[EventType "swiss"]
[EventRounds "9"]
[EventCountry "ESP"]
[Source "lmi"]
[SourceDate "2013.11.30"]

1. e4 e6 2. d4 d5 3. e5 c5 4. c3 Nc6 5. Be3 Qb6 6. Qd2 Bd7 7. Nf3 cxd4 8. cxd4
Bb4 9. Nc3 Rc8 10. Rc1 Na5 11. Bd3 Nc4 12. Bxc4 Rxc4 13. O-O Ne7 14. Rc2 O-O
15. Rfc1 Rfc8 16. a3 Bxc3 17. Rxc3 Bb5 18. b3 Rxc3 19. Rxc3 Rxc3 20. Qxc3 h6
21. h3 Be2 22. Nd2 Qc6 23. Nb1 Qxc3 24. Nxc3 Bd3 25. g4 b6 26. f4 Kf8 27. Kf2
Ke8 28. h4 g6 29. Kg3 Kd7 30. b4 Kc6 31. f5 Ng8 32. f6 a6 33. g5 h5 34. Kf3 Bc4
35. Bf4 Bd3 36. Ke3 Bc4 37. Kd2 Bf1 38. Nd1 Bb5 39. Kc3 Ba4 40. Ne3 Kd7 41. Bg3
Ke8 42. Be1 Kd7 43. Bd2 Kd8 44. Ng2 Ke8 45. Nf4 Bb5 46. Be3 Ba4 47. Bd2 Bc6 48.
Nd3 Bb5 49. Nc5 bxc5 50. bxc5 Kd7 1/2-1/2

[Event "14. Open de la Constitución 2013"]
[Site "San Sebastian de los Reyes ES"]
[Date "2013.12.05"]
[Round "6.14"]
[White "Hernandez Ramos, David"]
[Black "Ruiz Sanchez, Roberto"]
[Result "1-0"]
[WhiteElo "1753"]
[BlackElo "1972"]
[PlyCount "106"]
[EventDate "2013.11.30"]
[EventType "swiss"]
[EventRounds "9"]
[EventCountry "ESP"]
[Source "lmi"]
[SourceDate "2013.11.30"]

1. d4 d5 2. c4 c6 3. Nc3 Nf6 4. cxd5 cxd5 5. g3 Bf5 6. Bg2 e6 7. Bf4 Nc6 8. a3
Qb6 9. Nf3 Qxb2 10. Na4 Qc2 11. Qxc2 Bxc2 12. Nc3 Be7 13. O-O h6 14. Ra2 Bg6
15. Rb2 b6 16. Nb5 O-O 17. Rc1 Rfc8 18. Ra2 a6 19. Nc7 Ra7 20. Rxc6 Nh5 21. Be5
f6 22. Rxe6 fxe5 23. Nxe5 Be4 24. Bxe4 dxe4 25. Nd5 Bf8 26. Nxb6 Rc3 27. Re8
Nf6 28. Rd8 Re7 29. Na4 Rc1+ 30. Kg2 Re8 31. Rxe8 Nxe8 32. Nd7 Bd6 33. Nac5 Rc3
34. e3 Kf7 35. Nxe4 Rb3 36. Nxd6+ Nxd6 37. Nc5 Rb6 38. a4 a5 39. Rc2 Rb4 40.
Kf3 Nc4 41. Ra2 Nb2 42. Ke2 Ke7 43. Nd3 Rxa4 44. Rxb2 Ra1 45. Rb7+ Kf6 46. Ra7
g5 47. Nc5 g4 48. e4 h5 49. Ra6+ Ke7 50. d5 Rh1 51. e5 Rxh2 52. Ra7+ Kd8 53. d6
h4 1-0

[Event "14. Open de la Constitución 2013"]
[Site "San Sebastian de los Reyes ES"]
[Date "2013.12.05"]
[Round "6.16"]
[White "Tronch Ilzarbe, Carlos Maria"]
[Black "Marcos Herrero, Francisco"]
[Result "0-1"]
[WhiteElo "1753"]
[BlackElo "1939"]
[PlyCount "92"]
[EventDate "2013.11.30"]
[EventType "swiss"]
[EventRounds "9"]
[EventCountry "ESP"]
[Source "lmi"]
[SourceDate "2013.11.30"]

1. d4 Nf6 2. Nf3 c5 3. c3 Qb6 4. Qb3 d6 5. Bf4 Be6 6. Qa3 g6 7. e3 Bg7 8. Nbd2
O-O 9. Bd3 Nh5 10. Bg5 Qc7 11. O-O h6 12. Bh4 g5 13. Bg3 Nd7 14. Rac1 Nxg3 15.
hxg3 Nf6 16. e4 Ng4 17. Nc4 Rfc8 18. d5 Bd7 19. Ne3 Nxe3 20. fxe3 c4 21. Bb1
Qc5 22. Qxc5 Rxc5 23. Nd4 b5 24. Bc2 a5 25. a3 Rb8 26. Ra1 Be5 27. Ne2 Kg7 28.
Kf2 e6 29. Rfd1 Rbc8 30. a4 b4 31. cxb4 axb4 32. Nd4 b3 33. Bb1 Ra8 34. dxe6
fxe6 35. g4 Rca5 36. Rc1 Rxa4 37. Rxa4 Rxa4 38. Nxb3 Bxb2 39. Rc2 c3 40. Kf3 e5
41. Rf2 Ra3 42. Nd2 Bb5 43. Nf1 Ra1 44. Nd2 cxd2 45. Rxd2 Rxb1 46. Rxd6 Bc3 0-1

[Event "14. Open de la Constitución 2013"]
[Site "San Sebastian de los Reyes ES"]
[Date "2013.12.05"]
[Round "6.17"]
[White "De La Orden Alcocer, Alejandro"]
[Black "Sirera Ripoll, Jose Luis"]
[Result "1-0"]
[WhiteElo "1931"]
[BlackElo "1753"]
[PlyCount "95"]
[EventDate "2013.11.30"]
[EventType "swiss"]
[EventRounds "9"]
[EventCountry "ESP"]
[Source "lmi"]
[SourceDate "2013.11.30"]

1. Nf3 d5 2. c4 Nf6 3. g3 e6 4. Bg2 Be7 5. O-O O-O 6. b3 c5 7. e3 Nc6 8. Bb2
Qc7 9. Nc3 a6 10. d3 d4 11. exd4 cxd4 12. Ne4 Nxe4 13. dxe4 e5 14. Ne1 Be6 15.
Nd3 b6 16. f4 f6 17. f5 Bf7 18. Bf3 a5 19. Qe2 a4 20. Rab1 axb3 21. axb3 Bc5
22. Bh5 Ra2 23. Bxf7+ Qxf7 24. Ra1 Rfa8 25. Rxa2 Rxa2 26. Ra1 Qa7 27. Rb1 Nb4
28. Kh1 Qa5 29. Nc1 d3 30. Nxd3 Bd4 31. Nxb4 Qxb4 32. Qh5 Rxb2 33. Qe8+ Qf8 34.
Qe6+ Kh8 35. Rxb2 Bxb2 36. Qxb6 Qa8 37. Qe3 Bd4 38. Qd3 Qa1+ 39. Kg2 Qc3 40.
Qd1 Qe3 41. Qb1 g5 42. fxg6 hxg6 43. Kh3 Kh7 44. b4 Bb6 45. c5 Bd8 46. Qa2 Kh6
47. Qg8 Qd3 48. Qh8+ 1-0

[Event "14. Open de la Constitución 2013"]
[Site "San Sebastian de los Reyes ES"]
[Date "2013.12.05"]
[Round "6.18"]
[White "Largo Barbero, Benito"]
[Black "Navarro Rodriguez, Jesus"]
[Result "1-0"]
[WhiteElo "1920"]
[BlackElo "1664"]
[PlyCount "67"]
[EventDate "2013.11.30"]
[EventType "swiss"]
[EventRounds "9"]
[EventCountry "ESP"]
[Source "lmi"]
[SourceDate "2013.11.30"]

1. Nc3 Nf6 2. e4 Nc6 3. d4 e5 4. d5 Ne7 5. f4 exf4 6. Bxf4 Ng6 7. Bg3 Bb4 8.
Qd4 Bxc3+ 9. bxc3 d6 10. Nf3 O-O 11. Bd3 Re8 12. O-O Nh5 13. Be1 Nhf4 14. Bg3
Nh5 15. Be1 Nhf4 16. Bd2 Nxd3 17. cxd3 f6 18. Qf2 b6 19. Rfe1 Ne5 20. Nxe5 Rxe5
21. d4 Rh5 22. Re3 Qe7 23. Qf3 Qf7 24. Qf4 Rg5 25. Rf1 Rg4 26. Qf3 Rg6 27. e5
h5 28. e6 Qe8 29. Kh1 Qb5 30. Rfe1 Bb7 31. Qxh5 Rh6 32. Qf7+ Kh8 33. Rg3 Rg8
34. Bxh6 1-0

[Event "14. Open de la Constitución 2013"]
[Site "San Sebastian de los Reyes ES"]
[Date "2013.12.05"]
[Round "6.19"]
[White "Montiel Miguelez, Manuel"]
[Black "Del Campo Lobo, Joaquin"]
[Result "1-0"]
[WhiteElo "1906"]
[BlackElo "1611"]
[PlyCount "73"]
[EventDate "2013.11.30"]
[EventType "swiss"]
[EventRounds "9"]
[EventCountry "ESP"]
[Source "lmi"]
[SourceDate "2013.11.30"]

1. e4 e6 2. d4 d5 3. e5 c5 4. c3 Nc6 5. Nf3 Qb6 6. a3 Bd7 7. b4 c4 8. g3 a5 9.
Bb2 Nge7 10. Bh3 g6 11. O-O Bh6 12. Nbd2 O-O 13. Re1 Kg7 14. Nf1 axb4 15. axb4
Na5 16. Ne3 Nb3 17. Rb1 Ba4 18. Qe2 Bd7 19. Ng4 Ng8 20. Nxh6 Nxh6 21. Nd2 Nxd2
22. Qxd2 Ra2 23. Qf4 Ng8 24. Bc1 Rc2 25. Qf3 Ra8 26. Bg5 Ra3 27. Re3 Rb3 28.
Ra1 Rbb2 29. Bf6+ Kf8 30. Rf1 Ba4 31. Qf4 Re2 32. Rf3 Bc2 33. Be7+ Kxe7 34.
Qxf7+ Kd8 35. Qxg8+ Kc7 36. Rf7+ Kc6 37. Qe8# 1-0

[Event "14. Open de la Constitución 2013"]
[Site "San Sebastian de los Reyes ES"]
[Date "2013.12.05"]
[Round "6.21"]
[White "Mazo Fernandez, Roberto"]
[Black "Menendez Hernandez, Jose Daniel"]
[Result "1-0"]
[WhiteElo "1740"]
[BlackElo "1705"]
[PlyCount "71"]
[EventDate "2013.11.30"]
[EventType "swiss"]
[EventRounds "9"]
[EventCountry "ESP"]
[Source "lmi"]
[SourceDate "2013.11.30"]

1. d4 Nf6 2. c4 c5 3. d5 b5 4. cxb5 a6 5. bxa6 g6 6. Nc3 Bxa6 7. e4 Bxf1 8.
Kxf1 d6 9. Nf3 Nbd7 10. h3 Bg7 11. g3 O-O 12. Kg2 Ra6 13. Re1 Ne8 14. Qc2 Nc7
15. b3 Qa8 16. Bb2 Rb8 17. Nd2 Nb6 18. a4 Ra5 19. Nb5 Nxb5 20. axb5 Bxb2 21.
Qxb2 Nc8 22. Nc4 Rxa1 23. Rxa1 Qb7 24. Ra5 e6 25. Qd2 Ra8 26. Rxa8 Qxa8 27. Qa5
Qxa5 28. Nxa5 Kf8 29. Nc4 Ke7 30. b6 Nxb6 31. Nxb6 f5 32. Kf3 Kf6 33. Nc4 Ke7
34. Kf4 e5+ 35. Kg5 fxe4 36. Kh6 1-0

[Event "14. Open de la Constitución 2013"]
[Site "San Sebastian de los Reyes ES"]
[Date "2013.12.05"]
[Round "6.22"]
[White "Soto Martin, Miguel"]
[Black "Hidalgo Prado, David"]
[Result "1-0"]
[WhiteElo "1637"]
[BlackElo "1455"]
[PlyCount "127"]
[EventDate "2013.11.30"]
[EventType "swiss"]
[EventRounds "9"]
[EventCountry "ESP"]
[Source "lmi"]
[SourceDate "2013.11.30"]

1. d4 e6 2. c4 b6 3. Nf3 Bb7 4. e3 Nf6 5. Nc3 Be7 6. Bd3 d6 7. O-O Nbd7 8. b3
O-O 9. Bb2 Re8 10. Re1 c5 11. Qe2 a6 12. Rad1 d5 13. cxd5 exd5 14. dxc5 bxc5
15. Rc1 Qb6 16. Na4 Qa7 17. Red1 Rac8 18. Bb1 Bd6 19. Qc2 h6 20. Rd3 c4 21.
bxc4 Rxc4 22. Rc3 Rec8 23. Qb3 Rxc3 24. Nxc3 Qb6 25. Bc2 Qxb3 26. Bxb3 Ne5 27.
Rd1 Nxf3+ 28. gxf3 Rd8 29. Kg2 Bc7 30. Ba3 Bb6 31. Be7 Rc8 32. Bxf6 gxf6 33.
Nxd5 Bxd5 34. Rxd5 Rc7 35. Rd6 Bc5 36. Rxa6 Kg7 37. Ra4 Be7 38. Rd4 Rb7 39. Rd3
Ra7 40. a4 Kf8 41. Rd2 Rb7 42. Bc4 Ra7 43. Bb5 Bb4 44. Rd4 Ba5 45. Kh3 Kg7 46.
Kh4 Be1 47. Rg4+ Kh7 48. Rg2 Ba5 49. Kh5 Rb7 50. Bd3+ Kh8 51. Kxh6 f5 52. Bxf5
Rb6+ 53. Kh5 Rd6 54. Kg4 Kg8 55. Rg1 Kg7 56. Rb1 Rd2 57. Kg3 Bc7+ 58. Kg2 Rd5
59. Bg4 f5 60. Rb7 fxg4 61. Rxc7+ Kf6 62. fxg4 Ra5 63. Rc4 Kg5 64. Kg3 1-0

[Event "14. Open de la Constitución 2013"]
[Site "San Sebastian de los Reyes ES"]
[Date "2013.12.05"]
[Round "6.25"]
[White "Neila Ausin, Eva"]
[Black "Infante Martin, Alonso"]
[Result "1-0"]
[WhiteElo "1758"]
[BlackElo "1498"]
[PlyCount "75"]
[EventDate "2013.11.30"]
[EventType "swiss"]
[EventRounds "9"]
[EventCountry "ESP"]
[Source "lmi"]
[SourceDate "2013.11.30"]

1. d4 d5 2. Nf3 Nf6 3. c4 c6 4. Nc3 e6 5. Bg5 Nbd7 6. e3 h6 7. Bh4 g5 8. Bg3
Nh5 9. Bd3 Nxg3 10. hxg3 Bg7 11. Qc2 Qe7 12. Rc1 g4 13. Nh4 Nf8 14. Ne2 e5 15.
dxe5 Bxe5 16. cxd5 Qb4+ 17. Kf1 Qxb2 18. dxc6 Qxc2 19. Rxc2 b6 20. Nf5 h5 21.
Ned4 a6 22. Ke2 Bc7 23. Ng7+ Ke7 24. Rxh5 Rxh5 25. Nxh5 b5 26. Nf4 Bxf4 27.
gxf4 b4 28. Nf5+ Kf6 29. Rc5 Ne6 30. Ra5 Nd8 31. Be4 Bxf5 32. Rxf5+ Ke7 33. c7
Rc8 34. cxd8=Q+ Kxd8 35. Rxf7 a5 36. Rf8+ Kc7 37. Rxc8+ Kxc8 38. Bf5+ 1-0

[Event "14. Open de la Constitución 2013"]
[Site "San Sebastian de los Reyes ES"]
[Date "2013.12.05"]
[Round "6.26"]
[White "Anton Quevedo, Andrea"]
[Black "Sanchez Ortega, Ruben"]
[Result "1-0"]
[WhiteElo "1504"]
[BlackElo "1558"]
[PlyCount "39"]
[EventDate "2013.11.30"]
[EventType "swiss"]
[EventRounds "9"]
[EventCountry "ESP"]
[Source "lmi"]
[SourceDate "2013.11.30"]

1. e4 e6 2. d4 d5 3. e5 c5 4. c3 Nc6 5. Nf3 Bd7 6. Nbd2 cxd4 7. cxd4 Qb6 8. Nb3
Bb4+ 9. Bd2 Nge7 10. Bd3 O-O 11. O-O Bxd2 12. Qxd2 Nb4 13. Bb1 Rac8 14. a3 Nbc6
15. Qd3 g6 16. Nc5 Rc7 17. b4 a6 18. Bc2 Rfc8 19. Qd2 Qa7 20. Qh6 1-0